Online
Catalog

Parabola del viaje / (Record no. 4795)

MARC details
000 -CABECERA
campo de control de longitud fija 00505cam a2200169 a 4500
001 - NÚMERO DE CONTROL
campo de control 000004989
005 - FECHA Y HORA DE LA ÚLTIMA TRANSACCIÓN
campo de control 20200929151542.0
008 - DATOS DE LONGITUD FIJA--INFORMACIÓN GENERAL
campo de control de longitud fija 911121s1959 ck 001 p spa d
040 ## - FUENTE DE LA CATALOGACIÓN
Centro catalogador/agencia de origen DO-SdBNP
Lengua de catalogación spa
Centro/agencia transcriptor BNPHU
082 ## - NÚMERO DE LA CLASIFICACIÓN DECIMAL DEWEY
Número de clasificación C861.44
Número de documento/Ítem R741p
100 1# - ENTRADA PRINCIPAL--NOMBRE DE PERSONA
Nombre de persona Rojas Abreu, Enriquillo.
9 (RLIN) 14403
245 10 - MENCIÓN DE TÍTULO
Título Parabola del viaje /
Mención de responsabilidad, etc. Enriquillo Rojas Abreu.
260 ## - PUBLICACIÓN, DISTRIBUCIÓN, ETC.
Lugar de publicación, distribución, etc. Bogotá :
Nombre del editor, distribuidor, etc. Libreria Voluntad,
Fecha de publicación, distribución, etc. 1959.
300 ## - DESCRIPCIÓN FÍSICA
Extensión 79 p. ;
Dimensiones 23 cm.
650 #4 - PUNTO DE ACCESO ADICIONAL DE MATERIA--TÉRMINO DE MATERIA
Término de materia o nombre geográfico como elemento de entrada Poesía colombiana
9 (RLIN) 3742
650 #4 - PUNTO DE ACCESO ADICIONAL DE MATERIA--TÉRMINO DE MATERIA
Término de materia o nombre geográfico como elemento de entrada Literatura colombiana
9 (RLIN) 1244
Holdings
Estado de retiro Estado de pérdida Restricciones de uso No para préstamo Código de colección Localización permanente Ubicación/localización actual Ubicación en estantería Fecha de adquisición Número de inventario Total de préstamos Signatura topográfica completa Código de barras Fecha visto por última vez Precio válido a partir de Tipo de ítem Koha Número de copia
    Préstamo interno   Monografías: Libros y Folletos General General En catalogación 28.07.2009 LF1   C861.44 R741p 4989-10 25.06.2020 25.06.2020 Préstamo interno  
    Préstamo restringido Préstamo restrigido Monografías: Libros y Folletos General General En catalogación 13.10.2009 LF1   C861.44 R741p 4989-20 25.06.2020 25.06.2020 Préstamo interno e. 2
    Préstamo interno   Monografías: Libros y Folletos General General En catalogación 13.10.2009 LF1   C861.44 R741p 4989-30 25.06.2020 25.06.2020 Préstamo interno e. 3

Powered by Koha